000 01442nam a2200373 a 4500
001 ebr10468422
003 CaPaEBR
006 m u
007 cr cn|||||||||
008 040217s2004 ctuab sb 001 0 eng d
010 _z 2004041267
020 _z0819567191
020 _z9780819567192
020 _z9780819570765 (e-book)
040 _aCaPaEBR
_cCaPaEBR
035 _a(OCoLC)728243601
050 1 4 _aTS271
_b.N48 2004eb
082 0 4 _a909.8
_222
100 1 _aNetz, Reviel.
245 1 0 _aBarbed wire
_h[electronic resource] :
_ban ecology of modernity /
_cReviel Netz.
260 _aMiddletown, Conn. :
_bWesleyan University Press,
_cc2004.
300 _axiv, 267 p. :
_bill., maps.
500 _aFirst Wesleyan paperback 2009.
504 _aIncludes bibliographical references (p. [251]-259) and index.
505 0 _a1. Expansion -- 2. Confrontation -- 3. Containment.
533 _aElectronic reproduction.
_bPalo Alto, Calif. :
_cebrary,
_d2013.
_nAvailable via World Wide Web.
_nAccess may be limited to ebrary affiliated libraries.
650 0 _aBarbed wire
_xPolitical aspects.
650 0 _aWire fencing
_xHistory.
650 0 _aWire obstacles
_xHistory.
650 0 _aConcentration camps
_xHistory.
655 7 _aElectronic books.
_2local
710 2 _aebrary, Inc.
856 4 0 _uhttp://site.ebrary.com/lib/rucke/Doc?id=10468422
_zAn electronic book accessible through the World Wide Web; click to view
999 _c131037
_d131037